Faculty of Law : (Record no. 1055)

MARC details
000 -LEADER
fixed length control field 00548nam a22001577a 4500
005 - DATE AND TIME OF INPUT
control field 20231129134010.0
008 - DATA ELEMENTS--GENERAL INFORMATION
fixed length control field 231129b |||||||| |||| 00| 0 eng d
041 ## - LANGUAGE CODE
Language code of text English
082 ## - SHELF NUMBER
DDC number 340.06 FAC
100 ## - MAIN AUTHOR
Language of a work English
245 ## - TITLE STATEMENT
Title Faculty of Law :
Sub-title On the occasion of the 75th Anniversary of the Law Society of Namibia, Report on the Law Conference " Democratication of Southern Afric"
260 ## - PUBLICATION, DISTRIBUTION, ETC.
Place of publication, distribution, etc. Windhoek :
Date of publication, distribution, etc. 1996
300 ## - PHYSICAL DESCRIPTION
Other physical details 70 pages ;
Dimensions 22cm.
650 ## - SUBJECT`
Broad subject Legal practice
Own subject terms Law
942 ## - ADDED ENTRY ELEMENTS (KOHA)
Item type Books
942 ## - ADDED ENTRY ELEMENTS (KOHA)
-- ALISON_BN_VRIES
Holdings
Source of classification or shelving scheme Not for loan Collection code Home library Current library Shelving location Date acquired Full call number Barcode Price effective from Koha item type
Dewey Decimal Classification   TEXT BOOKS LAW SOCIETY OF NAMIBIA LIBRARY - WINDHOEK LAW SOCIETY OF NAMIBIA LIBRARY - WINDHOEK General Shelf 11/29/2023 340.06 FAC LSN/2009/70 11/29/2023 Books
Dewey Decimal Classification   TEXT BOOKS LAW SOCIETY OF NAMIBIA LIBRARY - WINDHOEK LAW SOCIETY OF NAMIBIA LIBRARY - WINDHOEK General Shelf 11/29/2023 340.06 FAC LSN/2009/69 11/29/2023 Books